书目信息 |
| 题名: |
建筑概论
|
|
| 作者: | 洪涛 , 储金龙 主编 | |
| 分册: | ||
| 出版信息: | 武汉 武汉大学出版社 2019.12 |
|
| 页数: | 151页 | |
| 开本: | 29cm | |
| 丛书名: | “十三五”普通高等教育建筑类学科立体化系列规划教材 | |
| 单 册: | ||
| 中图分类: | TU-43 | |
| 科图分类: | ||
| 主题词: | 建筑学--jian zhu xue--高等教育--教材 | |
| 电子资源: | ||
| ISBN: | 978-7-307-21102-5 | |
| 000 | 01261nam 2200289 450 | |
| 001 | 0100028897 | |
| 005 | 20211025120159.0 | |
| 010 | @a978-7-307-21102-5@dCNY60.00 | |
| 100 | @a20200827d2019 em y0chiy50 ea | |
| 101 | 0 | @achi |
| 102 | @aCN@b420000 | |
| 105 | @aa a 000yy | |
| 106 | @ar | |
| 200 | 1 | @a建筑概论@Ajian zhu gai lun@d= Introduction to architecture@f主编洪涛, 储金龙@zeng |
| 210 | @a武汉@c武汉大学出版社@d2019.12 | |
| 215 | @a151页@c彩图@d29cm | |
| 225 | 2 | @a“十三五”普通高等教育建筑类学科立体化系列规划教材@A“ shi san wu ” pu tong gao deng jiao yu jian zhu lei xue ke li ti hua xi lie gui hua jiao cai |
| 320 | @a有书目 (第150-151页) | |
| 330 | @a本书是高校建筑类专业和其他相关专业都可以使用的基础教材。本书从建筑的类型、建筑技术的应用、建筑理论、中国和西方建筑的发展、建筑制图基本知识、建筑设计表达技法、形态构成、建筑设计方法入门、职业导向等方面, 完整而系统地阐述了建筑的基本内涵。 | |
| 410 | 0 | @12001 @a“十三五”普通高等教育建筑类学科立体化系列规划教材 |
| 510 | 1 | @aIntroduction to architecture@zeng |
| 606 | 0 | @a建筑学@Ajian zhu xue@x高等教育@j教材 |
| 690 | @aTU-43@v5 | |
| 701 | 0 | @a洪涛@Ahong tao@4主编 |
| 701 | 0 | @a储金龙@Achu jin long@4主编 |
| 801 | 0 | @aCN@c20210909 |
| 905 | @a河南城建学院图书馆@dTU-43@eH411 | |
| 建筑概论= Introduction to architecture/主编洪涛, 储金龙.-武汉:武汉大学出版社,2019.12 |
| 151页:彩图;29cm.-(“十三五”普通高等教育建筑类学科立体化系列规划教材) |
| ISBN 978-7-307-21102-5:CNY60.00 |
| 本书是高校建筑类专业和其他相关专业都可以使用的基础教材。本书从建筑的类型、建筑技术的应用、建筑理论、中国和西方建筑的发展、建筑制图基本知识、建筑设计表达技法、形态构成、建筑设计方法入门、职业导向等方面, 完整而系统地阐述了建筑的基本内涵。 |
| ● |
| 相关链接 |
|
|
|
正题名:建筑概论
索取号:TU-43/H411
 
预约/预借
| 序号 | 登录号 | 条形码 | 馆藏地/架位号 | 状态 | 备注 |
| 1 | 1546218 | 215462185 | 建筑库101/101建筑库 11排1列5层/ [索取号:TU-43/H411] | 在馆 | |
| 2 | 1546219 | 215462194 | 建筑库101/101建筑库 11排1列5层/ [索取号:TU-43/H411] | 在馆 |